000 00630nam a2200181Ia 4500
008 090123s9999 xx 000 0 und d
082 _b26130
100 _aघाणेकर मधुसुदन
245 _aहस्ताक्षराचे अंतरंग
250 _a1
260 _bसुयोग प्रकाशन
300 _a131
600 _aघाणेकर मधुसुदन
630 _aहस्ताक्षराचे अंतरंग
700 _aघाणेकर मधुसुदन
730 _aहस्ताक्षराचे अंतरंग
942 _cBOOK
999 _c64201
_d64201